| 000 | 00585nam a22001937a 4500 | ||
|---|---|---|---|
| 999 |
_c6863 _d6863 |
||
| 003 | AR-CdUCM | ||
| 008 | 190319b ||||| |||| 00| 0 spa d | ||
| 020 | _a84-303-0949-7 | ||
| 040 |
_aMUNICIPALIDAD PROVINCIAL DEL CUSCO _cBIBLIOTECA MUNICIPAL DEL CUSCO |
||
| 082 |
_a030 / _bA71 |
||
| 110 |
_aEditorial Ramon Sopena _919339 |
||
| 245 | _aDiccionario ilustrado de la lengua española / | ||
| 260 |
_aBarcelona : _bRamón Sopena _c1982. |
||
| 300 |
_a672 paginas _c23 cm. |
||
| 505 | _aContenido :Diccionario. | ||
| 650 |
_aDiccionario _95196 |
||
| 942 |
_2ddc _cLIBROS |
||
| 945 | _arum | ||